Statistics for The 25 Most Visited Websites

Click here to take the quiz!

General Stats

  • This quiz has been taken 106 times
  • The average score is 9 of 25

Answer Stats

No.Answer% Correct
1Google
100%
3Facebook
89%
5Yahoo
81%
14Twitter
77%
12Amazon
75%
2Youtube
71%
15Instagram
69%
23Ebay
61%
25Bing
53%
6Wikipedia
52%
20Reddit
35%
24MSN
28%
4Baidu
17%
19LinkedIn
16%
11Live
9%
21Weibo
9%
13Vk
7%
22Yandex
7%
17Sina
6%
8Sohu
5%
10Taobao
5%
16360
4%
7Qq
4%
9Tmall
4%
18Jd
3%

Score Distribution

Percentile by Number Answered

Percent of People with Each Score

Your Score History

You have not taken this quiz